| 000 | 00817nam a2200205 i 4500 | ||
|---|---|---|---|
| 001 | 41909 | ||
| 003 | ES-MaACL | ||
| 005 | 20260127062527.0 | ||
| 007 | t| | ||
| 008 | 030312s1949 sp ||||1| spa d | ||
| 100 | 1 |
_aCastán Tobeñas, José, _d1889-1969 _936392 |
|
| 245 | 1 | 3 |
_aLa idea de equidad en las letras españolas / _cdiscurso leído el día 23 de mayo de 1949 por José Castán Tobeñas ; y contestación de José Gascón y Marín. |
| 260 |
_aMadrid : _b[s.n., _c1949] ( _fImp. Vda. de Galo Sèz) |
||
| 300 |
_a158 p. ; _c24 cm. |
||
| 500 | _aPrecede al tít.: Real Academia de Jurisprudencia y Legislación. | ||
| 700 | 1 |
_aGascón y Marín, José. _955866 |
|
| 700 |
_aReal Academia de Jurisprudencia y Legislación de España _9217612 |
||
| 852 |
_aES-MaACL _j1895-F-7 _bR.27109 |
||
| 999 |
_c41909 _d41909 |
||